|
|
|
|
| LEADER |
00713nam a22001697a 4500 |
| 020 |
|
|
|a 0195658752
|
| 082 |
|
|
|a 338.954
|b DRE/I
|
| 100 |
|
|
|a Dreze,Jean
|a Sen,Amartya
|
| 245 |
|
|
|a India: development and participation.
|
| 260 |
|
|
|a New Delhi :
|b Oxford University Press,
|c 2002.
|
| 300 |
|
|
|a xxvii,512p.;
|
| 650 |
|
|
|a Economics
|z India
|
| 650 |
|
|
|a Development economics
|z India
|
| 942 |
|
|
|c BK
|
| 999 |
|
|
|c 98297
|d 98297
|
| 952 |
|
|
|0 0
|1 0
|4 0
|6 338_954000000000000_DRE_I
|7 0
|9 91441
|a SSS
|b SSS
|c GEN
|d 2011-12-16
|g 395.00
|l 0
|o 338.954 DRE/I
|p SSS03330
|r 2011-12-16
|w 2011-12-16
|y BK
|
| 952 |
|
|
|0 0
|1 0
|4 0
|6 338_954000000000000_DRE_I2
|7 0
|9 91442
|a SSS
|b SSS
|c GEN
|d 2012-06-11
|g 395.00
|l 2
|o 338.954 DRE/I;2
|p SSS04601
|r 2013-11-04
|s 2013-10-29
|w 2012-06-11
|y BK
|